| 000 | 00530pab a2200193 454500 | ||
|---|---|---|---|
| 008 | 180718b2008 xxu||||| |||| 00| 0 eng d | ||
| 100 | _aSommez, Abdulkerim | ||
| 245 | _aThe effects of violence and internal displacement on rural-agrarian change in Turkey | ||
| 260 | _c2008 | ||
| 300 | _ap.370-413. | ||
| 362 | _aSep | ||
| 650 | _aRefugees - Turkey | ||
| 650 | _aViolence - Turkey | ||
| 650 | _aAgrarian structure - Turkey | ||
| 650 | _aAgrarian structure | ||
| 773 | _aRural Sociology | ||
| 908 | _aN | ||
| 909 | _a79710 | ||
| 999 |
_c79710 _d79710 |
||